[Event "Allsvenskan 2018/2019 Ostersunds SS-SK Rockaden IV"]
[Site "?"]
[Date "2019.03.10"]
[Round "3.1"]
[White "Sandberg, Philip"]
[Black "Sundell, Bo"]
[Result "1/2-1/2"]
[BlackElo "2105"]
[WhiteElo "2019"]
[LiveChessVersion "1.4.8"]

1. d4 {[%clk 1:30:57]} d5 {[%clk 1:30:55]} 2. c4 {[%clk 1:31:26]} c6
{[%clk 1:31:19]} 3. Nc3 {[%clk 1:31:49]} Nf6 {[%clk 1:31:40]} 4. Nf3
{[%clk 1:32:06]} e6 {[%clk 1:31:56]} 5. Bg5 {[%clk 1:32:05]} Be7 {[%clk 1:30:42]}
6. e3 {[%clk 1:31:37]} O-O {[%clk 1:30:30]} 7. Bd3 {[%clk 1:31:33]} Nbd7
{[%clk 1:28:50]} 8. cxd5 {[%clk 1:31:13]} cxd5 {[%clk 1:29:12]} 9. O-O
{[%clk 1:30:13]} a6 {[%clk 1:23:10]} 10. Qc2 {[%clk 1:27:46]} b5 {[%clk 1:21:43]}
11. Ne5 {[%clk 1:26:26]} h6 {[%clk 1:17:07]} 12. Nc6 {[%clk 1:25:54]} Qe8
{[%clk 1:17:31]} 13. Bf4 {[%clk 1:25:37]} Nb6 {[%clk 1:15:06]} 14. Nxe7+
{[%clk 1:22:49]} Qxe7 {[%clk 1:15:30]} 15. a4 {[%clk 1:20:26]} b4
{[%clk 1:13:21]} 16. Na2 {[%clk 1:20:00]} Bb7 {[%clk 1:10:41]} 17. a5
{[%clk 1:18:27]} Rfc8 {[%clk 1:07:15]} 18. Qd2 {[%clk 1:14:10]} Nc4
{[%clk 1:05:46]} 19. Bxc4 {[%clk 1:14:17]} dxc4 {[%clk 1:05:54]} 20. Qxb4
{[%clk 1:12:31]} Qxb4 {[%clk 1:01:38]} 21. Nxb4 {[%clk 1:12:41]} Nd5
{[%clk 1:01:55]} 22. Bd6 {[%clk 1:06:31]} Rd8 {[%clk 0:56:23]} 23. Bc5
{[%clk 1:04:15]} Nxb4 {[%clk 0:56:43]} 24. Bxb4 {[%clk 1:04:32]} Bc6
{[%clk 0:47:06]} 25. Bc5 {[%clk 1:04:23]} Rd7 {[%clk 0:43:45]} 26. Rfc1
{[%clk 1:03:20]} Bb5 {[%clk 0:43:46]} 27. Ra3 {[%clk 1:02:46]} f6
{[%clk 0:38:56]} 28. b3 {[%clk 1:02:00]} cxb3 {[%clk 0:39:12]} 29. Rxb3
{[%clk 1:01:30]} Kf7 {[%clk 0:36:47]} 30. Rbc3 {[%clk 1:01:11]} Rc8
{[%clk 0:34:36]} 31. Bb6 {[%clk 1:00:41]} Rxc3 {[%clk 0:34:40]} 32. Rxc3
{[%clk 1:01:10]} e5 {[%clk 0:34:10]} 33. f3 {[%clk 0:59:43]} exd4
{[%clk 0:34:20]} 34. exd4 {[%clk 0:56:20]} Ke6 {[%clk 0:29:33]} 35. Kf2
{[%clk 0:55:55]} f5 {[%clk 0:21:07]} 36. Rc7 {[%clk 0:53:40]} Rxc7
{[%clk 0:20:35]} 37. Bxc7 {[%clk 0:54:08]} g5 {[%clk 0:16:27]} 38. Be5
{[%clk 0:52:44]} g4 {[%clk 0:15:41]} 39. Kg3 {[%clk 0:51:15]} h5 {[%clk 0:11:05]}
40. Kh4 {[%clk 0:50:18]} gxf3 {[%clk 0:10:18]} 41. gxf3 {[%clk 0:50:41]} Be8
{[%clk 0:10:21]} 42. Kg5 {[%clk 0:51:00]} Bf7 {[%clk 0:10:19]} 43. f4
{[%clk 0:51:25]} Be8 {[%clk 0:10:28]} 44. h4 {[%clk 0:51:49]} Bf7
{[%clk 0:10:34]} 45. d5+ {[%clk 0:51:45]} Kxd5 {[%clk 0:10:54]} 46. Kxf5
{[%clk 0:51:54]} Be6+ {[%clk 0:11:07]} 47. Kg6 {[%clk 0:49:04]} Bg4
{[%clk 0:10:49]} 48. Bc7 {[%clk 0:48:35]} Ke6 {[%clk 0:08:02]} 49. Bb8
{[%clk 0:48:30]} Bf5+ {[%clk 0:05:12]} 50. Kxh5 {[%clk 0:48:46]} Kf7
{[%clk 0:05:32]} 51. Kg5 {[%clk 0:49:00]} Bh7 {[%clk 0:04:39]} 52. f5
{[%clk 0:49:13]} Bg8 {[%clk 0:04:52]} 53. Be5 {[%clk 0:48:58]} Bh7
{[%clk 0:05:07]} 54. h5 {[%clk 0:49:21]} Bg8 {[%clk 0:03:52]} 55. Kh6
{[%clk 0:48:31]} Kf8 {[%clk 0:04:11]} 56. Bd6+ {[%clk 0:47:14]} Kf7
{[%clk 0:04:16]} 57. Bc7 {[%clk 0:47:20]} Kf6 {[%clk 0:02:46]} 58. Bd8+
{[%clk 0:47:23]} Kf7 {[%clk 0:02:47]} 59. f6 {[%clk 0:47:42]} Kf8
{[%clk 0:02:41]} 60. Bb6 {[%clk 0:46:59]} Bc4 {[%clk 0:01:34]} 61. Bc5+
{[%clk 0:45:34]} Kf7 {[%clk 0:01:50]} 62. Be7 {[%clk 0:45:50]} Kg8
{[%clk 0:24:05]} 63. Kg6 {[%clk 1:15:50]} Bf7+ {[%clk 0:24:28]} 64. Kg5
{[%clk 1:16:08]} Kh7 {[%clk 0:24:49]} 65. Bf8 {[%clk 1:16:27]} Be8
{[%clk 0:23:12]} 66. h6 {[%clk 1:16:46]} Kg8 {[%clk 0:20:59]} 67. Bg7
{[%clk 1:17:02]} Bb5 {[%clk 0:19:29]} 68. Kf5 {[%clk 1:13:14]} Bc4
{[%clk 0:18:07]} 69. Ke5 {[%clk 1:13:12]} Bd3 {[%clk 0:13:41]} 70. Ke6
{[%clk 1:12:37]} Bc4+ {[%clk 0:14:04]} 71. Ke7 {[%clk 1:12:57]} Bb3
{[%clk 0:14:24]} 72. Bf8 {[%clk 1:10:20]} Kh7 {[%clk 0:13:29]} 73. Kd6
{[%clk 1:08:54]} Kg6 {[%clk 0:12:38]} 74. Bg7 {[%clk 1:08:16]} Bc2
{[%clk 0:12:04]} 75. Ke7 {[%clk 1:07:16]} Bb3 {[%clk 0:12:17]} 76. Kd7
{[%clk 1:05:02]} Bc2 {[%clk 0:11:54]} 77. Kc7 {[%clk 1:01:34]} Bd3
{[%clk 0:10:12]} 78. Kb6 {[%clk 1:00:06]} Be2 {[%clk 0:09:17]} 79. Bf8
{[%clk 1:00:04]} Bd3 {[%clk 0:08:59]} 80. Ka7 {[%clk 0:59:44]} Kxf6
{[%clk 0:08:54]} 1/2-1/2

[Event "Allsvenskan 2018/2019 Ostersunds SS-SK Rockaden IV"]
[Site "?"]
[Date "2019.03.10"]
[Round "3.2"]
[White "Nordling, Magnus"]
[Black "Bielik, Alexander"]
[Result "0-1"]
[BlackElo "2014"]
[WhiteElo "1984"]
[LiveChessVersion "1.4.8"]

1. d4 {[%clk 1:30:57]} d5 {[%clk 1:30:54]} 2. Bg5 {[%clk 1:31:22]} h6
{[%clk 1:27:51]} 3. Bh4 {[%clk 1:31:45]} Nf6 {[%clk 1:24:03]} 4. Bxf6
{[%clk 1:31:50]} gxf6 {[%clk 1:23:21]} 5. c4 {[%clk 1:32:02]} c6 {[%clk 1:20:19]}
6. e3 {[%clk 1:32:00]} dxc4 {[%clk 0:56:52]} 7. Bxc4 {[%clk 1:31:48]} Qb6
{[%clk 0:55:08]} 8. Qd2 {[%clk 1:22:24]} Rg8 {[%clk 0:48:03]} 9. f3
{[%clk 1:16:15]} e5 {[%clk 0:43:40]} 10. Kf2 {[%clk 1:16:16]} exd4
{[%clk 0:27:36]} 11. exd4 {[%clk 1:16:01]} Be6 {[%clk 0:27:54]} 12. b3
{[%clk 1:03:49]} Bb4 {[%clk 0:27:21]} 13. Nc3 {[%clk 1:03:27]} Qa5
{[%clk 0:26:13]} 14. Nge2 {[%clk 1:02:59]} b5 {[%clk 0:25:40]} 15. Bd3
{[%clk 1:01:52]} Na6 {[%clk 0:25:17]} 16. Rac1 {[%clk 1:00:49]} Rd8
{[%clk 0:12:48]} 17. Qf4 {[%clk 0:58:26]} Bxc3 {[%clk 0:09:59]} 18. Rxc3
{[%clk 0:49:53]} Nb4 {[%clk 0:10:06]} 19. Be4 {[%clk 0:42:06]} Ke7
{[%clk 0:07:48]} 20. Re1 {[%clk 0:41:33]} Qxa2 {[%clk 0:07:36]} 21. Bxc6
{[%clk 0:40:51]} Rc8 {[%clk 0:07:55]} 22. Qe4 {[%clk 0:33:55]} f5
{[%clk 0:07:57]} 23. Qh4+ {[%clk 0:28:59]} Kd6 {[%clk 0:08:24]} 24. Qf4+
{[%clk 0:28:37]} Ke7 {[%clk 0:08:52]} 25. Qh4+ {[%clk 0:28:11]} f6
{[%clk 0:07:52]} 26. Rec1 {[%clk 0:26:06]} Rxg2+ {[%clk 0:07:07]} 27. Kxg2
{[%clk 0:23:56]} Qxe2+ {[%clk 0:07:35]} 28. Kh1 {[%clk 0:24:24]} Rg8
{[%clk 0:07:57]} 29. Qh3 {[%clk 0:23:31]} Nd3 {[%clk 0:07:35]} 30. Rxd3
{[%clk 0:21:22]} Qxd3 {[%clk 0:08:04]} 31. Qxh6 Qe2 {[%clk 0:04:28]} 32. Qh7+
{[%clk 0:09:21]} Kd6 {[%clk 0:04:19]} 33. Qh3 {[%clk 0:09:49]} Bxb3
{[%clk 0:03:41]} 34. f4 {[%clk 0:08:32]} Bd1 {[%clk 0:01:49]} 35. Qa3+
{[%clk 0:06:16]} Ke6 {[%clk 0:02:15]} 36. d5+ {[%clk 0:06:28]} Kf7
{[%clk 0:02:42]} 37. Qxa7+ {[%clk 0:06:40]} Kg6 {[%clk 0:02:45]} 38. Qg1+
{[%clk 0:06:27]} Kh7 {[%clk 0:02:36]} 39. d6 {[%clk 0:00:43]} Rxg1+
{[%clk 0:02:38]} 40. Kxg1 {[%clk 0:01:12]} Qe3+ {[%clk 0:02:47]} 0-1

[Event "Allsvenskan 2018/2019 Ostersunds SS-SK Rockaden IV"]
[Site "?"]
[Date "2019.03.10"]
[Round "3.3"]
[White "Jeferti, MohammedAli"]
[Black "Larsson, Per-Olov"]
[Result "1/2-1/2"]
[BlackElo "1958"]
[WhiteElo "1970"]
[LiveChessVersion "1.4.8"]

1. c4 {[%clk 1:30:46]} Nf6 {[%clk 1:30:42]} 2. g3 {[%clk 1:31:06]} g6
{[%clk 1:30:20]} 3. Bg2 {[%clk 1:31:25]} Bg7 {[%clk 1:30:33]} 4. e3
{[%clk 1:31:37]} d6 {[%clk 1:30:19]} 5. d4 {[%clk 1:31:57]} O-O {[%clk 1:30:19]}
6. Nc3 {[%clk 1:32:20]} Nbd7 {[%clk 1:28:02]} 7. Nf3 {[%clk 1:32:27]} e5
{[%clk 1:27:10]} 8. O-O {[%clk 1:32:29]} a6 {[%clk 1:26:17]} 9. b3
{[%clk 1:32:13]} Rb8 {[%clk 1:25:06]} 10. a4 {[%clk 1:31:03]} Ne8
{[%clk 1:23:33]} 11. Ba3 {[%clk 1:21:03]} f5 {[%clk 1:19:08]} 12. Rc1
{[%clk 1:19:55]} e4 {[%clk 1:17:31]} 13. Nd2 {[%clk 1:19:24]} Nef6
{[%clk 1:17:06]} 14. f3 {[%clk 1:19:20]} exf3 {[%clk 1:15:00]} 15. Bxf3
{[%clk 1:19:28]} Kh8 {[%clk 1:05:05]} 16. Qe2 {[%clk 1:14:17]} Re8
{[%clk 1:00:18]} 17. Rce1 {[%clk 1:12:47]} c5 {[%clk 0:53:52]} 18. Qg2
{[%clk 1:09:59]} Bh6 {[%clk 0:52:30]} 19. Qf2 {[%clk 1:00:56]} Bg7
{[%clk 0:48:34]} 20. dxc5 {[%clk 0:52:58]} dxc5 {[%clk 0:46:13]} 21. e4
{[%clk 0:26:20]} Nxe4 {[%clk 0:41:10]} 22. Ncxe4 {[%clk 0:26:43]} Bd4
{[%clk 0:40:05]} 23. Bb2 {[%clk 0:26:58]} Bxb2 {[%clk 0:39:14]} 24. Nd6
{[%clk 0:26:56]} Re7 {[%clk 0:30:46]} 25. Kh1 {[%clk 0:13:32]} Bd4
{[%clk 0:26:57]} 26. Qg2 {[%clk 0:12:49]} Ne5 {[%clk 0:26:23]} 27. Nxc8
{[%clk 0:12:28]} Qxc8 {[%clk 0:26:24]} 28. Bd5 {[%clk 0:12:12]} Qc7
{[%clk 0:20:42]} 29. Nf3 {[%clk 0:09:23]} Nxf3 {[%clk 0:19:48]} 30. Qxf3
{[%clk 0:09:41]} Rbe8 {[%clk 0:17:05]} 31. Qd1 {[%clk 0:08:37]} b6
{[%clk 0:16:05]} 32. Qd2 {[%clk 0:04:11]} Kg7 {[%clk 0:12:31]} 33. Kg2
{[%clk 0:03:56]} Kf6 {[%clk 0:07:10]} 34. h4 {[%clk 0:03:26]} Rxe1
{[%clk 0:06:59]} 35. Rxe1 {[%clk 0:03:54]} Rxe1 {[%clk 0:06:54]} 36. Qxe1
{[%clk 0:04:14]} Qe5 {[%clk 0:06:52]} 37. Qd2 {[%clk 0:02:41]} Qe3
{[%clk 0:03:40]} 38. Qxe3 {[%clk 0:03:08]} Bxe3 {[%clk 0:04:05]} 39. Kf3
{[%clk 0:03:38]} Bc1 {[%clk 0:03:49]} 40. a5 {[%clk 0:01:18]} bxa5
{[%clk 0:03:05]} 41. Bb7 {[%clk 0:00:50]} Ke5 {[%clk 0:28:32]} 42. Bxa6
{[%clk 0:31:15]} h6 {[%clk 0:28:39]} 43. g4 {[%clk 0:28:45]} g5 {[%clk 0:19:38]}
44. h5 {[%clk 0:28:01]} f4 {[%clk 0:18:55]} 45. Bb5 {[%clk 0:27:56]} Kd4
{[%clk 0:18:40]} 46. Bc6 {[%clk 0:28:13]} Kd3 {[%clk 0:18:14]} 47. Bb5
{[%clk 0:28:08]} Bb2 {[%clk 0:18:34]} 48. Ba4 {[%clk 0:26:38]} Bd4
{[%clk 0:18:21]} 49. Bc6 {[%clk 0:26:34]} Bf6 {[%clk 0:12:27]} 50. Bb5
{[%clk 0:26:26]} Kc2 1/2-1/2

[Event "Allsvenskan 2018/2019 Ostersunds SS-SK Rockaden IV"]
[Site "?"]
[Date "2019.03.10"]
[Round "3.4"]
[White "Nordenstrom, Sven"]
[Black "Rodes Pestor, Eduardo"]
[Result "0-1"]
[BlackElo "1886"]
[WhiteElo "1930"]
[LiveChessVersion "1.4.8"]

1. d4 {[%clk 1:30:45]} d5 {[%clk 1:30:54]} 2. Nf3 {[%clk 1:31:01]} Nf6
{[%clk 1:30:42]} 3. Bf4 {[%clk 1:31:07]} e6 {[%clk 1:30:08]} 4. e3
{[%clk 1:31:06]} Bd6 {[%clk 1:29:36]} 5. Bxd6 {[%clk 1:30:51]} Qxd6
{[%clk 1:29:55]} 6. c3 {[%clk 1:31:15]} O-O {[%clk 1:28:11]} 7. Bd3
{[%clk 1:30:59]} c5 {[%clk 1:27:48]} 8. O-O {[%clk 1:30:11]} Nc6 {[%clk 1:27:02]}
9. Nbd2 {[%clk 1:28:26]} b6 {[%clk 1:23:53]} 10. Rc1 {[%clk 1:21:39]} Bb7
{[%clk 1:20:36]} 11. Bb5 {[%clk 1:20:27]} a6 {[%clk 1:17:23]} 12. Bxc6
{[%clk 1:20:42]} Bxc6 {[%clk 1:17:41]} 13. Ne5 {[%clk 1:21:03]} Nd7
{[%clk 1:07:00]} 14. Nxc6 {[%clk 1:19:59]} Qxc6 {[%clk 1:07:26]} 15. f4
{[%clk 1:20:16]} Qb5 {[%clk 0:58:21]} 16. Rc2 {[%clk 1:15:59]} Qd3
{[%clk 0:53:49]} 17. Rf3 {[%clk 1:16:10]} Qf5 {[%clk 0:50:34]} 18. Nf1
{[%clk 1:16:27]} Rfc8 {[%clk 0:48:15]} 19. Rcf2 {[%clk 1:16:20]} g6
{[%clk 0:43:34]} 20. h3 {[%clk 1:14:40]} h5 {[%clk 0:40:13]} 21. Kh2
{[%clk 1:10:30]} Kg7 {[%clk 0:31:59]} 22. Ng3 {[%clk 1:08:30]} Qf6
{[%clk 0:32:20]} 23. f5 {[%clk 1:08:40]} h4 {[%clk 0:31:49]} 24. Ne2
{[%clk 1:05:31]} exf5 {[%clk 0:28:39]} 25. g4 {[%clk 1:05:29]} hxg3+
{[%clk 0:28:01]} 26. Rxg3 {[%clk 1:05:09]} c4 {[%clk 0:25:35]} 27. Qf1
{[%clk 1:02:43]} Kf8 {[%clk 0:22:22]} 28. Nf4 {[%clk 1:01:33]} Qd6
{[%clk 0:22:39]} 29. Kg1 {[%clk 0:57:26]} Ke7 {[%clk 0:21:29]} 30. Rh2
{[%clk 0:51:16]} Nf6 {[%clk 0:20:29]} 31. Qf3 {[%clk 0:50:24]} Rh8
{[%clk 0:19:53]} 32. Rgg2 {[%clk 0:45:32]} Rag8 {[%clk 0:17:06]} 33. Ne2
{[%clk 0:40:31]} Ne4 {[%clk 0:16:44]} 34. Nf4 {[%clk 0:35:16]} b5
{[%clk 0:15:27]} 35. a3 {[%clk 0:35:23]} a5 {[%clk 0:14:12]} 36. Rc2
{[%clk 0:30:59]} Rh4 {[%clk 0:11:03]} 37. Ng2 {[%clk 0:28:51]} Rh6
{[%clk 0:11:13]} 38. Qf4 {[%clk 0:27:49]} Rgh8 {[%clk 0:11:36]} 39. h4
{[%clk 0:23:47]} Qxf4 {[%clk 0:09:26]} 40. exf4 {[%clk 0:24:15]} Kd6
{[%clk 0:09:27]} 41. Rh3 {[%clk 0:23:21]} a4 {[%clk 0:03:34]} 42. Re3
{[%clk 0:22:56]} Re8 {[%clk 0:03:02]} 43. Kf1 {[%clk 0:19:48]} Rhh8
{[%clk 0:02:11]} 44. Rce2 {[%clk 0:19:09]} Re7 {[%clk 0:02:01]} 45. Kg1
{[%clk 0:15:23]} Rhe8 {[%clk 0:00:54]} 46. Ne1 {[%clk 0:11:43]} Nxc3
{[%clk 0:28:46]} 0-1

[Event "Allsvenskan 2018/2019 Ostersunds SS-SK Rockaden IV"]
[Site "?"]
[Date "2019.03.10"]
[Round "3.5"]
[White "Johansson, Arne"]
[Black "Andersson, Sven-Olof"]
[Result "1-0"]
[BlackElo "1936"]
[WhiteElo "1885"]
[LiveChessVersion "1.4.8"]

1. e4 {[%clk 1:30:48]} c5 {[%clk 1:30:43]} 2. Nc3 {[%clk 1:30:56]} e6
{[%clk 1:30:08]} 3. Nge2 {[%clk 1:30:48]} Nc6 {[%clk 1:30:08]} 4. g3
{[%clk 1:30:47]} g6 {[%clk 1:30:18]} 5. Bg2 {[%clk 1:27:42]} Bg7 {[%clk 1:30:32]}
6. d3 {[%clk 1:27:13]} Nge7 {[%clk 1:30:36]} 7. f4 {[%clk 1:19:25]} Rb8
{[%clk 1:23:12]} 8. e5 {[%clk 1:11:25]} d5 {[%clk 1:15:48]} 9. exd6
{[%clk 1:09:27]} Qxd6 {[%clk 1:15:58]} 10. Ne4 {[%clk 1:09:09]} Qc7
{[%clk 1:15:54]} 11. Nxc5 {[%clk 1:08:42]} Qa5+ {[%clk 1:16:09]} 12. c3
{[%clk 1:07:22]} Qxc5 {[%clk 1:16:30]} 13. d4 {[%clk 1:07:01]} Qd6
{[%clk 1:04:07]} 14. O-O {[%clk 1:04:42]} f5 {[%clk 0:58:59]} 15. Be3
{[%clk 1:02:45]} b6 {[%clk 0:56:47]} 16. Nc1 {[%clk 1:01:23]} O-O
{[%clk 0:54:08]} 17. Nd3 {[%clk 1:01:32]} Nd5 {[%clk 0:44:12]} 18. Bf2
{[%clk 1:01:38]} Bb7 {[%clk 0:41:19]} 19. Qa4 {[%clk 0:58:36]} a6
{[%clk 0:38:02]} 20. Rfd1 {[%clk 0:55:32]} b5 {[%clk 0:37:24]} 21. Qb3
{[%clk 0:53:09]} Na5 {[%clk 0:37:39]} 22. Qc2 {[%clk 0:53:03]} Nc4
{[%clk 0:37:35]} 23. Re1 {[%clk 0:46:25]} Rfe8 {[%clk 0:34:29]} 24. Nc5
{[%clk 0:41:31]} Bc8 {[%clk 0:32:45]} 25. a3 {[%clk 0:39:07]} Na5
{[%clk 0:27:52]} 26. Rac1 {[%clk 0:32:17]} Nc4 {[%clk 0:20:37]} 27. b3
{[%clk 0:23:02]} Nxa3 {[%clk 0:13:44]} 28. Qa2 {[%clk 0:16:03]} b4
{[%clk 0:13:51]} 29. cxb4 {[%clk 0:15:25]} Nxb4 {[%clk 0:14:07]} 30. Qxa3
{[%clk 0:15:05]} Nd3 {[%clk 0:14:17]} 31. Qa4 {[%clk 0:14:45]} Bd7
{[%clk 0:12:14]} 32. Qxd7 {[%clk 0:12:16]} Qxd7 {[%clk 0:12:07]} 33. Nxd7
{[%clk 0:12:39]} Rbd8 {[%clk 0:09:51]} 34. Ne5 {[%clk 0:10:11]} Nxe1
{[%clk 0:08:42]} 35. Rxe1 {[%clk 0:10:34]} Rb8 {[%clk 0:08:24]} 36. Rb1
{[%clk 0:09:09]} Bxe5 {[%clk 0:07:07]} 37. dxe5 {[%clk 0:09:24]} Rec8
{[%clk 0:06:09]} 38. Be1 {[%clk 0:08:06]} Kf7 {[%clk 0:05:35]} 39. Bf1
{[%clk 0:07:34]} Rc6 {[%clk 0:05:43]} 40. b4 {[%clk 0:07:26]} Ra8
{[%clk 0:00:38]} 41. Bg2 {[%clk 0:07:01]} Rac8 {[%clk 0:00:56]} 42. Bxc6
{[%clk 0:07:17]} Rxc6 {[%clk 0:01:22]} 43. Bf2 {[%clk 0:06:48]} Ke8
{[%clk 0:01:28]} 44. Rd1 {[%clk 0:06:12]} Rc4 {[%clk 0:01:27]} 45. Be1
{[%clk 0:05:43]} Rc6 {[%clk 0:01:35]} 46. Rd3 {[%clk 0:04:17]} h5
{[%clk 0:01:42]} 47. h4 {[%clk 0:04:09]} Ke7 {[%clk 0:01:53]} 48. Bc3
{[%clk 0:04:07]} Rc7 {[%clk 0:01:16]} 49. Kf2 {[%clk 0:04:21]} Rd7
{[%clk 0:01:25]} 50. Rxd7+ {[%clk 0:03:07]} Kxd7 {[%clk 0:01:50]} 51. Ke3
{[%clk 0:03:28]} Kc6 {[%clk 0:02:12]} 52. Kd4 {[%clk 0:03:47]} Kb5
{[%clk 0:21:54]} 53. Be1 {[%clk 0:33:54]} Kb6 {[%clk 0:20:13]} 54. Kc4
{[%clk 0:34:06]} Kc6 {[%clk 0:19:06]} 55. Bf2 {[%clk 0:34:17]} Kb7
{[%clk 0:18:20]} 56. Kc5 {[%clk 0:34:05]} Kc7 {[%clk 0:18:44]} 57. Be3
{[%clk 0:33:25]} 1-0

[Event "Allsvenskan 2018/2019 Ostersunds SS-SK Rockaden IV"]
[Site "?"]
[Date "2019.03.10"]
[Round "3.6"]
[White "Maki, Christer"]
[Black "Karenlov, Douglas"]
[Result "0-1"]
[BlackElo "1834"]
[WhiteElo "1880"]
[LiveChessVersion "1.4.8"]

1. e4 {[%clk 1:30:42]} Nc6 {[%clk 1:30:50]} 2. d4 {[%clk 1:30:01]} d5
{[%clk 1:31:11]} 3. e5 {[%clk 1:29:29]} Bf5 {[%clk 1:31:32]} 4. c3
{[%clk 1:27:51]} f6 {[%clk 1:29:05]} 5. f4 {[%clk 1:24:58]} e6 {[%clk 1:27:16]}
6. Bd3 {[%clk 1:24:14]} fxe5 {[%clk 1:24:45]} 7. Bxf5 {[%clk 1:11:57]} exf5
{[%clk 1:25:05]} 8. dxe5 {[%clk 1:10:41]} Bc5 {[%clk 1:25:09]} 9. Qc2
{[%clk 1:10:14]} Qd7 {[%clk 1:19:15]} 10. Nf3 {[%clk 1:08:36]} O-O-O
{[%clk 1:15:28]} 11. b4 {[%clk 1:07:25]} Bb6 {[%clk 1:14:49]} 12. a4
{[%clk 1:07:40]} a5 {[%clk 1:11:06]} 13. b5 {[%clk 1:07:06]} Nce7
{[%clk 1:11:10]} 14. Nd4 {[%clk 1:07:13]} Nh6 {[%clk 1:05:05]} 15. Nd2
{[%clk 1:02:37]} Kb8 {[%clk 0:57:57]} 16. N2f3 {[%clk 1:00:59]} c5
{[%clk 0:52:39]} 17. bxc6 {[%clk 1:00:13]} Nxc6 {[%clk 0:52:42]} 18. Ba3
{[%clk 0:57:38]} Bxd4 {[%clk 0:47:16]} 19. Nxd4 {[%clk 0:56:39]} Nxd4
{[%clk 0:40:39]} 20. cxd4 {[%clk 0:57:05]} Qc6 {[%clk 0:40:38]} 21. Qd2
{[%clk 0:56:48]} b6 {[%clk 0:31:59]} 22. O-O {[%clk 0:54:36]} Rc8
{[%clk 0:29:35]} 23. Rab1 {[%clk 0:50:31]} Ka7 {[%clk 0:26:36]} 24. Rfc1
{[%clk 0:47:32]} Qxa4 {[%clk 0:21:49]} 25. Qb2 {[%clk 0:47:18]} Rxc1+
{[%clk 0:19:53]} 26. Rxc1 {[%clk 0:46:31]} Rb8 {[%clk 0:17:21]} 27. e6
{[%clk 0:38:45]} Ng4 {[%clk 0:15:01]} 28. Bd6 Rc8 {[%clk 0:14:02]} 29. Bc7
{[%clk 0:35:16]} Qb4 {[%clk 0:11:32]} 30. Qxb4 {[%clk 0:26:46]} axb4
{[%clk 0:11:53]} 31. Bxb6+ {[%clk 0:27:02]} Kb7 {[%clk 0:12:18]} 32. Rxc8 Kxc8
33. Bc5 {[%clk 0:26:36]} b3 {[%clk 0:12:39]} 34. Ba3 {[%clk 0:27:05]} Kd8
{[%clk 0:12:31]} 35. Kf1 {[%clk 0:26:30]} Ne3+ {[%clk 0:10:49]} 36. Ke2
{[%clk 0:26:14]} Nc4 {[%clk 0:11:11]} 37. Bc1 0-1

[Event "Allsvenskan 2018/2019 Ostersunds SS-SK Rockaden IV"]
[Site "?"]
[Date "2019.03.10"]
[Round "3.7"]
[White "Svetic, Matija"]
[Black "Frank, Tomas"]
[Result "1-0"]
[BlackElo "1843"]
[WhiteElo "1769"]
[LiveChessVersion "1.4.8"]

1. e4 {[%clk 1:30:51]} e5 {[%clk 1:30:52]} 2. Bc4 {[%clk 1:31:08]} Nf6
{[%clk 1:30:49]} 3. Nc3 {[%clk 1:31:20]} Bc5 {[%clk 1:30:47]} 4. d3
{[%clk 1:31:05]} O-O {[%clk 1:29:43]} 5. f4 {[%clk 1:30:23]} exf4
{[%clk 1:29:19]} 6. Bxf4 {[%clk 1:29:42]} d6 {[%clk 1:28:19]} 7. h3
{[%clk 1:23:55]} Nc6 {[%clk 1:23:13]} 8. Bg5 {[%clk 1:02:56]} Be6
{[%clk 1:19:16]} 9. Bb3 {[%clk 1:00:10]} Nd4 {[%clk 1:15:56]} 10. Nf3
{[%clk 0:57:18]} Nxb3 {[%clk 1:15:32]} 11. axb3 {[%clk 0:57:30]} c6
{[%clk 1:14:23]} 12. Qe2 {[%clk 0:53:38]} a5 {[%clk 1:13:18]} 13. d4
{[%clk 0:53:42]} Bb4 {[%clk 1:10:24]} 14. O-O {[%clk 0:47:42]} h6
{[%clk 1:07:35]} 15. Bh4 {[%clk 0:46:19]} g5 {[%clk 1:00:52]} 16. Nxg5
{[%clk 0:38:36]} hxg5 {[%clk 0:58:09]} 17. Bxg5 {[%clk 0:38:51]} d5
{[%clk 0:56:23]} 18. Bxf6 {[%clk 0:36:06]} Be7 {[%clk 0:56:34]} 19. e5
{[%clk 0:36:23]} Bxf6 {[%clk 0:56:21]} 20. exf6 {[%clk 0:36:33]} Qd6
{[%clk 0:54:11]} 21. Qe3 {[%clk 0:36:35]} Kh7 {[%clk 0:54:09]} 22. Qg5
{[%clk 0:32:07]} 1-0

[Event "Allsvenskan 2018/2019 Ostersunds SS-SK Rockaden IV"]
[Site "?"]
[Date "2019.03.10"]
[Round "3.8"]
[White "Ferm, Simon"]
[Black "Ohlsson, Andreas"]
[Result "1-0"]
[BlackElo "1748"]
[WhiteElo "1767"]
[LiveChessVersion "1.4.8"]

1. c4 {[%clk 1:30:52]} e6 {[%clk 1:30:31]} 2. d4 {[%clk 1:30:08]} d5
{[%clk 1:30:52]} 3. cxd5 {[%clk 1:29:51]} exd5 {[%clk 1:31:10]} 4. Nf3
{[%clk 1:29:22]} Nf6 {[%clk 1:27:56]} 5. Nc3 {[%clk 1:29:07]} c6 {[%clk 1:22:33]}
6. e3 {[%clk 1:28:01]} Bf5 {[%clk 1:15:06]} 7. Bd3 {[%clk 1:22:43]} Bg6
{[%clk 1:04:53]} 8. Ne5 {[%clk 1:16:48]} Nbd7 {[%clk 1:01:41]} 9. f4
{[%clk 1:11:44]} Ne4 {[%clk 0:47:42]} 10. Bxe4 {[%clk 1:02:57]} Nxe5
{[%clk 0:43:26]} 11. fxe5 {[%clk 0:45:43]} Bxe4 {[%clk 0:35:13]} 12. Nxe4
{[%clk 0:44:46]} dxe4 {[%clk 0:35:42]} 13. O-O {[%clk 0:44:46]} Qd5
{[%clk 0:34:36]} 14. Qb3 {[%clk 0:42:08]} b6 {[%clk 0:31:18]} 15. Bd2
{[%clk 0:41:16]} Be7 {[%clk 0:29:23]} 16. Rac1 {[%clk 0:39:22]} O-O
{[%clk 0:28:56]} 17. Rf2 {[%clk 0:31:46]} Rac8 {[%clk 0:25:54]} 18. Rcf1
{[%clk 0:25:28]} Rcd8 {[%clk 0:23:23]} 19. Bc3 {[%clk 0:23:57]} Bg5
{[%clk 0:19:17]} 20. Re2 {[%clk 0:23:08]} Be7 {[%clk 0:18:08]} 21. Rf4
{[%clk 0:22:14]} f6 {[%clk 0:15:51]} 22. Rxe4 {[%clk 0:20:51]} f5
{[%clk 0:11:16]} 23. Rf4 {[%clk 0:19:09]} Bg5 {[%clk 0:10:57]} 24. Rf3
{[%clk 0:18:22]} Kh8 {[%clk 0:11:00]} 25. Qxd5 {[%clk 0:18:16]} Rxd5
{[%clk 0:11:28]} 26. e4 {[%clk 0:17:39]} 1-0